| 000 | 00669nam a2200205Ii 4500 | ||
|---|---|---|---|
| 003 | JO-AjNU | ||
| 008 | 230605s9999||||xx |||||||||||||| ||und|| | ||
| 040 |
_aJO-AjNU _bara _erda _cJO-AjNU |
||
| 041 | _aara | ||
| 050 | 1 | 4 | _aQC311.A2782 2004 |
| 100 | 3 |
_aابوسريس ، شادي, _eauthor _913572 |
|
| 245 | 0 | 0 | _aالديناميكا الحراريه |
| 250 | _aط1 | ||
| 264 | 3 | 1 | _aعمان:مكتبة المجتمع العربي ، 2004 |
| 300 | _a120ص | ||
| 336 |
_atext _btxt _2rdacontent |
||
| 337 |
_aunmediated _bn _2rdamedia |
||
| 338 |
_avolume _bnc _2rdacarrier |
||
| 650 | 4 |
_aالديناميكا الحرارية -الهندسة الحرارية _913573 |
|
| 999 |
_aA3414 _c6982 _d6982 |
||